Staurastrum volans var., an interesting desmid taxon in the Phytoplankton of laguna Fuquene (<Colombia>) (Registro nro. 14422)

Detalles MARC
000 -CABECERA
Campo de control 004350000a22001330004500
090 ## - CLASIFICACIÓN LOCAL
Colección AS
Consecutivo Seriadas
041 0# - IDIOMA
Código de idioma para texto/pista de sonido o título separado
100 1# - ASIENTO PRINCIPAL--NOMBRE PERSONAL
Nombre personal Coesel, Peter F. M.
245 10 - MENCION DE TITULO
Título Staurastrum volans var., an interesting desmid taxon in the Phytoplankton of laguna Fuquene (<Colombia>)
700 1# - ASIENTO SECUNDARIO - NOMBRE PERSONAL
Nombre personal Donato, John Ch.
700 1# - ASIENTO SECUNDARIO - NOMBRE PERSONAL
Nombre personal Duque, Santiago R.
773 1# - Item fuente:
Título Caldasia
Especificación de materiales 45
Descripción física 68-70
Paginas del Articulo 407-414
Lugar, editorial y fecha de publicación 1986
Información sobre la relación 14
942 ## - ELEMENTOS ADICIONALES (KOHA)
Tipo de ítem Artículo

No hay ítems disponibles.